| 000 | 00744nam a2200229Ia 4500 | ||
|---|---|---|---|
| 003 | GCL | ||
| 008 | 140319s9999 xx 000 0 ara d | ||
| 020 | _a0706345977 | ||
| 040 |
_aGCL / _cGCL |
||
| 082 | 0 | 4 |
_a796.8153 _bس ت |
| 100 | 1 | _aستبان ، تشارلز | |
| 245 | 1 | 0 |
_aالتايكوندو / _cستبان ، تشارلز |
| 250 | _aالاولى | ||
| 260 |
_aالقاهرة : _bدار الفاروق للنشر والتوزيع ، _c2004 |
||
| 300 |
_a96 ص ؛ _c30 سم |
||
| 490 |
_aسلسلة الفنون القتالية _v0 |
||
| 650 | 0 | 4 | _aالتدريب الرياضى |
| 650 | 0 | 4 | _aالالعاب الرياضية الفردية |
| 650 | 0 | 4 | _aالكاراتية |
| 650 | 0 | 4 | _aالتايكوندو |
| 942 |
_2ddc _cBK |
||
| 999 |
_c7231 _d7231 |
||